Capitales sans les lettres de "Nicosie" - Statistiques

Statistiques générales
  • Ce quiz a été pris 3 fois
  • Le résultat moyen est 5 sur 8
Statistiques - réponses
Continents Capitales % Correct
Afrique Dakar
100%
Asie Jakarta
100%
Afrique Abuja
50%
Asie Bagdad
50%
Afrique Kampala
50%
Afrique Rabat
50%
Europe Vaduz
50%
Asie Kuala Lumpur
0%
Aucun quiz correspondant
Distribution des résultats
% des personnes avec chaque résultat
Percentile par nombre de réponses
Votre historique - résultats
Vous n’avez pas pris ce quiz